000 00314pab a2200145 454500
008 180718b1986 xxu||||| |||| 00| 0 eng d
100 _aDesai, H.B.
245 _aShipping at crossroads
260 _c1986
300 _a822-30
362 _a26 Apr.
650 _aShipping
773 _aCommerce
909 _a18082
999 _c18082
_d18082